000 00353nam a2200133Ia 4500
008 231228s1992 xx 000 0 und d
041 _aeng
082 _a658.4`038
_bKAN
100 _aKANTER (Jerome)
245 _aManagement Information System.
250 _a3rd
260 _aNew Delhi
_bPrentice Hall of India New Delhi
_c1992
300 _aXIII,448
999 _c1079619
_d1079619